| 000 | 00644nam a22002057a 4500 | ||
|---|---|---|---|
| 005 | 20100727160919.0 | ||
| 010 | _aENG-96952 | ||
| 020 |
_a8184231245 _c70.00 |
||
| 020 |
_a9788184231243 _c70.00 |
||
| 035 | _aEN-80485 | ||
| 037 | _bDBAD/PUB | ||
| 082 | _a881 | ||
| 100 |
_aKoladi, Samson J. _93226 |
||
| 245 |
_aRail Roads / _cby Samson J. Koladi |
||
| 260 |
_aThrissur _bGreen Books _c2008 |
||
| 270 |
_aLittle road, Ayyanthole _bThrissur _e680003 |
||
| 300 |
_a118 p. _c24cm (Pbk) |
||
| 942 |
_2ddc _cEN _h881 _mKOL |
||
| 999 |
_c37982 _d37982 |
||